header

Irish writing London (Record no. 49425)

MARC details
000 -LEADER
fixed length control field 01373nam a2200325Ia 4500
245 00 - TITLE STATEMENT
Title Irish writing London
260 ## - PUBLICATION, DISTRIBUTION, ETC. (IMPRINT)
Place of publication London ;
-- New York :
Name of publisher Bloomsbury,
Year of publication 2013.
300 ## - PHYSICAL DESCRIPTION
Number of Pages xiii, 157 p.
490 0# - SERIES STATEMENT
Series statement Bloomsbury Studies in the City
650 #0 - SUBJECT ADDED ENTRY--TOPICAL TERM
Topical Term English literature
Topical Term English literature
Topical Term English literature
700 1# - ADDED ENTRY--PERSONAL NAME
Personal name Herron, Tom.
856 40 - ELECTRONIC LOCATION AND ACCESS
Uniform Resource Identifier http://site.ebrary.com/lib/rucke/Doc?id=10638850

No items available.

© 2026 Rongo University
Contact us: librarian | system librarian | Rongo university